[Event "Cairo Al Ain op"]
[Site "Cairo"]
[Date "2023.12.02"]
[Round "9"]
[White "Tork, Mohamed"]
[Black "Youssef, Patrick"]
[Result "1-0"]
[WhiteElo "1949"]
[BlackElo "1662"]
[PlyCount "65"]
[EventDate "2023.11.27"]
[EventType "swiss"]
[EventRounds "10"]
[EventCountry "EGY"]
[SourceTitle "CBM 217 Extra"]
[Source "ChessBase"]
[SourceDate "2024.01.31"]
[SourceVersion "1"]
[SourceVersionDate "2024.01.31"]
[SourceQuality "1"]

1. e4 e5 2. Nf3 Nc6 3. Bc4 Bc5 4. c3 Nf6 5. b4 Bb6 6. d3 d6 7. a4 a6 8. 0-0 h6 9. h3 0-0 10. a5 Ba7 11. Be3 Be6 12. Na3 Qd7 13. Kh2 Nh7 14. Qb3 Kh8 15. Bxa7 Nxa7 16. d4 exd4 17. cxd4 c6 18. Rae1 Rae8 19. Nh4 Ng5 20. Bxe6 Rxe6 21. f3 g6 22. Nc4 Qe7 23. Qb2 d5 24. Ne5 Nb5 25. exd5 Rxe5 26. dxe5 cxd5 27. e6+ Kh7 28. exf7 Qxf7 29. Qe5 Kg8 30. f4 Ne4 31. f5 g5 32. Ng6 Qf6 33. Qxd5+ 1-0

[Event "Zgazig Sharkia op 3rd"]
[Site "Zgazig"]
[Date "2013.03.13"]
[Round "4"]
[White "Kandil, Adham"]
[Black "Tork, Mohamed"]
[Result "1/2-1/2"]
[WhiteElo "1759"]
[BlackElo "2130"]
[PlyCount "68"]
[EventDate "2013.03.10"]
[EventType "swiss"]
[EventRounds "9"]
[EventCountry "EGY"]
[SourceTitle "CBM 153 Extra"]
[Source "ChessBase"]
[SourceDate "2013.04.22"]
[SourceVersion "1"]
[SourceVersionDate "2013.04.22"]
[SourceQuality "1"]

1. e4 c5 2. Nf3 g6 3. d4 cxd4 4. Nxd4 Bg7 5. Nc3 Nc6 6. Be3 d6 7. Qd2 Qa5 8. f3 Bd7 9. 0-0-0 Nxd4 10. Bxd4 Nf6 11. Kb1 Rc8 12. Nd5 Qxd2 13. Rxd2 e5 14. Nxf6+ Bxf6 15. Bxa7 Ke7 16. Be3 Be6 17. Bb5 Bc4 18. Bxc4 Rxc4 19. b3 Rc6 20. Rhd1 Ke6 21. c4 Be7 22. Rd5 f5 23. Rb5 Rb8 24. a4 Ra6 25. Rdd5 fxe4 26. fxe4 b6 27. Kc2 Bd8 28. Bd2 Bc7 29. Kd3 Rf8 30. Ke2 Rf7 31. Be3 g5 32. Bxg5 Rg7 33. h4 h6 34. Bxh6 Rxg2+ 1/2-1/2

[Event "Assiut op 06th"]
[Site "Assiut"]
[Date "2010.08.02"]
[Round "3"]
[White "Tork, Mohamed"]
[Black "El Adnani, Mokliss"]
[Result "0-1"]
[WhiteElo "2218"]
[BlackElo "2347"]
[PlyCount "86"]
[EventDate "2010.07.30"]
[EventType "swiss"]
[EventRounds "9"]
[EventCountry "EGY"]
[SourceTitle "CBM 137 Extra"]
[Source "ChessBase"]
[SourceDate "2010.09.01"]
[SourceVersion "1"]
[SourceVersionDate "2010.09.01"]
[SourceQuality "1"]

1. e4 c5 2. Nc3 Nc6 3. f4 g6 4. Nf3 Bg7 5. Bc4 e6 6. 0-0 Nge7 7. e5 d5 8. Bb5 0-0 9. d4 c4 10. Bxc6 Nxc6 11. Ne2 b5 12. c3 a5 13. g4 b4 14. Ng3 a4 15. Qe1 a3 16. cxb4 Qb6 17. bxa3 Nxd4 18. Nxd4 Qxd4+ 19. Be3 Qd3 20. Bc5 Re8 21. Qf2 Bf8 22. a4 Rxa4 23. f5 Bxc5 24. Qxc5 Ra3 25. fxg6 hxg6 26. Rf2 Qe3 27. Qxe3 Rxe3 28. Re2 Ra3 29. Kf2 Bd7 30. Re3 Ra7 31. a3 Rea8 32. Rb1 Rxa3 33. Ne2 Ra2 34. Ke1 Rb8 35. h4 Ba4 36. h5 Bc2 37. Rc1 Rxb4 38. Nc3 Rab2 39. Re2 Bd3 40. Rf2 d4 41. Nd1 c3 42. Nxb2 cxb2 43. Rc8+ Kg7 0-1

[Event "Cairo Heliopolis op 2nd"]
[Site "Cairo"]
[Date "2010.05.31"]
[Round "2"]
[White "El Adnani, Mokliss"]
[Black "Tork, Mohamed"]
[Result "1-0"]
[WhiteElo "2357"]
[BlackElo "2196"]
[PlyCount "86"]
[EventDate "2010.05.30"]
[EventType "swiss"]
[EventRounds "9"]
[EventCountry "EGY"]
[SourceTitle "EXT 2011"]
[Source "ChessBase"]
[SourceDate "2010.11.26"]
[SourceVersion "1"]
[SourceVersionDate "2010.11.26"]
[SourceQuality "1"]

1. e4 c5 2. Nc3 g6 3. g3 Bg7 4. Bg2 Nc6 5. d3 d6 6. Nge2 Nf6 7. 0-0 0-0 8. h3 Bd7 9. f4 Qc8 10. g4 h5 11. g5 Ne8 12. f5 Be5 13. Nf4 Kg7 14. Ncd5 Rh8 15. c3 e6 16. fxe6 fxe6 17. Qf3 Bxf4 18. Qxf4 Nd8 19. Nf6 e5 20. Nxe8+ Rxe8 21. Qf6+ Kh7 22. Qxd6 Bxh3 23. Rf8 Qg4 24. Qc7+ Qd7 25. Qxd7+ Bxd7 26. Rxe8 Bxe8 27. Be3 b6 28. Rf1 Bb5 29. c4 Bd7 30. Rf6 Bg4 31. a3 Kg7 32. Rd6 Nf7 33. Rf6 Rd8 34. Bf1 Nd6 35. b4 Ne8 36. Rf2 cxb4 37. axb4 Rd7 38. Ra2 Nd6 39. Kg2 Nc8 40. c5 bxc5 41. bxc5 Rf7 42. Ra5 Rc7 43. Bd2 h4 1-0

[Event "EGY-ch Masters"]
[Site "Cairo"]
[Date "2009.11.21"]
[Round "6.1"]
[White "Tork, Mohamed"]
[Black "Yousry, Salah"]
[Result "0-1"]
[WhiteElo "2122"]
[BlackElo "2292"]
[PlyCount "100"]
[EventDate "2009.11.15"]
[EventType "swiss"]
[EventRounds "8"]
[EventCountry "EGY"]
[SourceTitle "EXT 2024"]
[Source "ChessBase"]
[SourceDate "2023.10.10"]
[SourceVersion "1"]
[SourceVersionDate "2023.10.10"]
[SourceQuality "1"]

1. e4 c5 2. Nc3 Nc6 3. Nf3 e5 4. Bc4 Be7 5. Nd5 Nf6 6. Nxf6+ Bxf6 7. c3 0-0 8. 0-0 d6 9. h3 Be6 10. Bxe6 fxe6 11. d3 d5 12. Qe2 Qe7 13. g4 Qf7 14. Kg2 c4 15. dxc4 d4 16. cxd4 exd4 17. e5 Be7 18. Ne1 d3 19. Nxd3 Nd4 20. Qe4 Nf3 21. Bf4 Nh4+ 22. Kh1 Rad8 23. Bg3 Rd4 24. Qe2 Nf3 25. b3 h5 26. Ne1 hxg4 27. hxg4 Nd2 28. Nc2 Re4 29. Ne3 Nxf1 30. Rxf1 Bc5 31. Rd1 Qg6 32. Rd3 Bxe3 33. Rxe3 Rxg4 34. Kg2 Rd4 35. c5 Qb1 36. a3 Qf5 37. Qb5 Rg4 38. Qe2 a5 39. f3 Rd4 40. Be1 Qg5+ 41. Kf1 Qh5 42. Kg2 Qg6+ 43. Kf1 Rg4 44. Bf2 Qh7 45. Qd3 Qh1+ 46. Ke2 Rg2 47. Re4 Qa1 48. Qd2 a4 49. Rxa4 Qxe5+ 50. Re4 Qxe4+ 0-1

[Event "EGY-ch Masters"]
[Site "Cairo"]
[Date "2009.11.17"]
[Round "3.1"]
[White "Ezat, Abdallah"]
[Black "Tork, Mohamed"]
[Result "1-0"]
[WhiteElo "2219"]
[BlackElo "2122"]
[PlyCount "102"]
[EventDate "2009.11.15"]
[EventType "swiss"]
[EventRounds "8"]
[EventCountry "EGY"]
[SourceTitle "EXT 2024"]
[Source "ChessBase"]
[SourceDate "2023.10.10"]
[SourceVersion "1"]
[SourceVersionDate "2023.10.10"]
[SourceQuality "1"]

1. d4 d5 2. c4 c6 3. Nf3 Nf6 4. Nc3 dxc4 5. a4 Nd5 6. Ne5 Be6 7. e4 Nxc3 8. bxc3 Nd7 9. Nxc4 Nf6 10. f3 Bxc4 11. Bxc4 e6 12. 0-0 Be7 13. Be3 0-0 14. Qb3 b6 15. Rfd1 Qc7 16. Rac1 Rad8 17. g3 e5 18. Bf1 h6 19. Bg2 g5 20. Bh3 Kg7 21. Bf5 Bd6 22. Bf2 Ng8 23. Rd3 Ne7 24. Bh3 c5 25. Qc4 Nc6 26. Qa2 Na5 27. Rdd1 Qe7 28. d5 c4 29. Qe2 Qc7 30. Rf1 Nb3 31. Rce1 f6 32. Bf5 a6 33. Kh1 b5 34. axb5 axb5 35. Be3 Ra8 36. f4 Qf7 37. h4 Rh8 38. fxg5 hxg5 39. Qg4 Qh5 40. Qh3 b4 41. Be6 Qg6 42. Rf5 Raf8 43. Qf1 bxc3 44. Qxc4 Nd4 45. Qa6 Rd8 46. Qb7+ Kf8 47. Bxd4 exd4 48. e5 Rh7 49. Qb6 Bc7 50. Qxd4 Kg7 51. Rxf6 Qc2 1-0

[Event "Egypt op"]
[Site "Egypt"]
[Date "2009.07.27"]
[Round "7"]
[White "Tork, Mohamed"]
[Black "Yusef, Naser"]
[Result "0-1"]
[WhiteElo "2135"]
[BlackElo "2066"]
[PlyCount "119"]
[EventDate "2009.07.20"]
[EventType "swiss"]
[EventRounds "9"]
[EventCountry "EGY"]
[SourceTitle "EXT 2011"]
[Source "ChessBase"]
[SourceDate "2010.11.26"]
[SourceVersion "1"]
[SourceVersionDate "2010.11.26"]
[SourceQuality "1"]

1. e4 d5 2. exd5 Qxd5 3. Nc3 Qd6 4. d4 Nf6 5. Nf3 a6 6. Be3 b5 7. Bd3 Bb7 8. a3 e6 9. h3 Nbd7 10. 0-0 Be7 11. Ng5 Rd8 12. Nge4 Nxe4 13. Nxe4 Bxe4 14. Bxe4 Nf6 15. Bf3 0-0 16. Qe1 Nd5 17. Bd2 Bf6 18. a4 Bxd4 19. axb5 axb5 20. Ra5 c6 21. b3 Ra8 22. c4 Rxa5 23. Bxa5 bxc4 24. bxc4 Nf6 25. Qd2 c5 26. Rb1 Rb8 27. Rb5 h6 28. Qc2 Qf4 29. Bd2 Qd6 30. Kf1 Re8 31. Ba5 Qh2 32. Rb1 Rb8 33. Rb5 Qd6 34. Qb3 Nd7 35. g3 g6 36. Rb7 Rxb7 37. Qxb7 Be5 38. Kg2 Nf8 39. Bc6 Qb8 40. Qb5 Qd6 41. Be8 Qe7 42. Bd2 g5 43. Be3 Bd6 44. Bc6 f5 45. Bc1 Be5 46. Ba3 Bd4 47. Qb3 Ng6 48. Qb8+ Kg7 49. Qb6 Ne5 50. Bb5 Nd3 51. Qc6 Nxf2 52. Qf3 g4 53. hxg4 fxg4 54. Qc6 Nd1 55. Bc1 Qf7 56. Qd7 Ne3+ 57. Kh1 Qxd7 58. Bxd7 Kf6 59. Bb5 h5 60. Ba3 0-1

[Event "EGY-ch final"]
[Site "Cairo"]
[Date "2007.12.03"]
[Round "3"]
[White "Tork, Mohamed"]
[Black "Eldesoky, Hatem"]
[Result "0-1"]
[WhiteElo "2200"]
[BlackElo "2213"]
[PlyCount "172"]
[EventDate "2007.12.01"]
[EventType "swiss"]
[EventRounds "9"]
[EventCountry "EGY"]
[SourceTitle "EXT 2019"]
[Source "ChessBase"]
[SourceDate "2018.10.10"]
[SourceVersion "1"]
[SourceVersionDate "2018.10.10"]
[SourceQuality "1"]

1. e4 c6 2. d4 d5 3. e5 Bf5 4. g4 Be4 5. f3 Bg6 6. h4 h5 7. g5 e6 8. c3 c5 9. Bb5+ Nc6 10. Ne2 Bxb1 11. Rxb1 g6 12. Qa4 Qc8 13. Be3 c4 14. b3 cxb3 15. Bxc6+ bxc6 16. Rxb3 Ne7 17. 0-0 Nf5 18. Bf2 Be7 19. c4 dxc4 20. Qxc4 0-0 21. Rc1 Rb8 22. Rxb8 Qxb8 23. Qxc6 Ba3 24. Rc2 Qb1+ 25. Kg2 Rb8 26. Qa4 Bb4 27. Qb3 Qxb3 28. axb3 Be1 29. Rb2 Bxf2 30. Kxf2 Rb4 31. Nc3 Rxd4 32. Ne4 Rb4 33. Rd2 Rb8 34. Rd7 Ra8 35. b4 a6 36. Rb7 Nxh4 37. Nf6+ Kg7 38. Nd7 Nf5 39. Rb8 Rxb8 40. Nxb8 Kf8 41. Nxa6 Ke8 42. Nc5 Nd4 43. f4 Ke7 44. Ne4 Nb5 45. Ke3 Kd7 46. Nf6+ Kc6 47. Kd3 Nc7 48. Kc4 h4 49. Kd4 h3 50. Ng4 Nd5 51. Ke4 Nxb4 52. Kf3 Kd5 53. Kg3 Nd3 54. Kf3 Kd4 55. Nh2 Ne1+ 56. Ke2 Nc2 57. Kf3 Kd3 58. Kg3 Ke4 59. Ng4 h2 60. Nxh2 Nd4 61. Nf1 Ne2+ 62. Kg4 Nxf4 63. Nd2+ Kxe5 64. Nc4+ Kd5 65. Nb6+ Ke4 66. Nc4 Nd3 67. Nd6+ Kd5 68. Ne8 Ke5 69. Nf6 Nf2+ 70. Kf3 Nd1 71. Ng4+ Kf5 72. Nh6+ Kxg5 73. Nxf7+ Kf6 74. Nh6 Nc3 75. Ng4+ Kg5 76. Ne5 Kh5 77. Ke3 Nd5+ 78. Kd4 g5 79. Nd3 Nf4 80. Ne1 Ng6 81. Ke4 g4 82. Ng2 Kg5 83. Ne1 Kh4 84. Nd3 Kh3 85. Nc5 e5 86. Nd3 g3 0-1

[Event "EGY-ch final"]
[Site "Cairo"]
[Date "2007.12.02"]
[Round "2"]
[White "Amin, Ashraf"]
[Black "Tork, Mohamed"]
[Result "1-0"]
[WhiteElo "2309"]
[BlackElo "2200"]
[PlyCount "65"]
[EventDate "2007.12.01"]
[EventType "swiss"]
[EventRounds "9"]
[EventCountry "EGY"]
[SourceTitle "EXT 2019"]
[Source "ChessBase"]
[SourceDate "2018.10.10"]
[SourceVersion "1"]
[SourceVersionDate "2018.10.10"]
[SourceQuality "1"]

1. Nf3 g6 2. d4 d5 3. c4 c6 4. cxd5 cxd5 5. Nc3 Bg7 6. Bf4 Nf6 7. e3 0-0 8. h3 a6 9. Be2 Nc6 10. Rc1 e6 11. 0-0 Bd7 12. Na4 Ne4 13. a3 g5 14. Bh2 f5 15. Nc5 Nxc5 16. Rxc5 h6 17. b4 b6 18. Rc3 b5 19. Qb3 Qe7 20. Rfc1 Rac8 21. Ne1 f4 22. Nd3 fxe3 23. fxe3 a5 24. Nc5 axb4 25. axb4 Nxd4 26. exd4 Bxd4+ 27. Kh1 Bxc3 28. Qxc3 Qf6 29. Be5 Qf2 30. Bd3 Bc6 31. Bd4 Qf7 32. Qe1 Qf4 33. Qxe6+ 1-0

[Event "EGY-chT 0708"]
[Site "Egypt"]
[Date "2007.11.09"]
[Round "2"]
[White "Tork, Mohamed"]
[Black "Atea, Khaled"]
[Result "0-1"]
[WhiteElo "2213"]
[BlackElo "2229"]
[PlyCount "138"]
[EventDate "2007.11.02"]
[EventType "team-tourn"]
[EventRounds "3"]
[EventCountry "EGY"]
[SourceTitle "EXT 2009"]
[Source "ChessBase"]
[SourceDate "2008.11.26"]
[SourceVersion "1"]
[SourceVersionDate "2008.11.26"]
[SourceQuality "1"]
[WhiteTeam "Sokar Hawamdya"]
[BlackTeam "El Moatmadya"]
[WhiteTeamCountry "EGY"]
[BlackTeamCountry "EGY"]

1. e4 c5 2. Nf3 e6 3. d4 cxd4 4. Nxd4 a6 5. c3 Qc7 6. Be3 Nf6 7. Nd2 d5 8. Bd3 Bd6 9. h3 Nbd7 10. exd5 Nxd5 11. 0-0 Nxe3 12. fxe3 Ne5 13. Bc2 0-0 14. Ne4 Be7 15. Qh5 g6 16. Qh6 f5 17. Ng5 Bxg5 18. Qxg5 Nf7 19. Qh4 e5 20. Nb3 Qb6 21. Qf2 e4 22. Rad1 Be6 23. Rd4 a5 24. Rfd1 Qc7 25. Qf4 Qxf4 26. exf4 b6 27. Kf2 Rfc8 28. Nc1 b5 29. Bb3 Bxb3 30. Nxb3 a4 31. Nc1 a3 32. Rb4 axb2 33. Rxb2 Rxc3 34. Rxb5 Rc2+ 35. Kf1 Rac8 36. Rb1 R8c7 37. Ra1 Rb2 38. Re1 Rbc2 39. Nb3 Nd6 40. Rec1 Rxc1+ 41. Rxc1 Rxc1+ 42. Nxc1 Kf7 43. Nb3 Ke6 44. Ke2 Kd5 45. Nd2 Nc4 46. Nb3 Na3 47. Kd2 h5 48. Kc3 h4 49. Kd2 Nc4+ 50. Ke2 Nb2 51. Nc1 Kc4 52. Ke3 Nd1+ 53. Kd2 Nc3 54. Kc2 Nd5 55. Ne2 Ne3+ 56. Kd2 Nxg2 57. a3 Kc5 58. Kc3 Ne3 59. a4 Nd1+ 60. Kd2 Nf2 61. Ke3 Nxh3 62. Nd4 Ng1 63. Ne6+ Kb4 64. Kf2 Nf3 65. Nf8 h3 66. Nxg6 h2 67. Kg2 e3 68. Ne7 e2 69. Nd5+ Ka5 0-1

[Event "Golden Cleopatra op 7th"]
[Site "Cairo"]
[Date "2003.06.10"]
[Round "9"]
[White "Tork, Mohamed"]
[Black "Hassan, Tarek Ahmed"]
[Result "1-0"]
[WhiteElo "2139"]
[BlackElo "2260"]
[PlyCount "158"]
[EventDate "2003.06.03"]
[EventType "swiss"]
[EventRounds "10"]
[EventCountry "EGY"]
[SourceTitle "CBM 094 Extra"]
[Source "ChessBase"]
[SourceDate "2003.07.09"]
[SourceVersion "2"]
[SourceVersionDate "2003.07.09"]
[SourceQuality "1"]

1. e4 c5 2. Nf3 e6 3. d4 cxd4 4. Nxd4 Nf6 5. Bd3 Nc6 6. c3 d5 7. Nxc6 bxc6 8. exd5 exd5 9. 0-0 Be7 10. Qc2 Qc7 11. h3 Rb8 12. Re1 0-0 13. Nd2 c5 14. Nf3 c4 15. Bf5 Ba6 16. Nd4 g6 17. Bh6 Rfe8 18. Qc1 Bc5 19. Bg5 Nh5 20. Bg4 Ng7 21. Rxe8+ Rxe8 22. Qd2 Qb6 23. Be3 h5 24. Bf3 Bb7 25. b4 cxb3 26. axb3 a5 27. Rb1 Qd8 28. b4 axb4 29. cxb4 Bb6 30. Rd1 Qd7 31. Nc2 d4 32. Bxb7 Qxb7 33. Nxd4 Rd8 34. Qc2 Qd5 35. Rd2 Qe5 36. Nf3 Qa1+ 37. Kh2 Rxd2 38. Bxd2 Qa8 39. Bf4 Ne6 40. Be5 Qb7 41. b5 Bc5 42. Qd2 Bf8 43. Qa5 Bc5 44. Qa6 Qd7 45. Qa8+ Qd8 46. Qxd8+ Nxd8 47. Bc7 Nb7 48. Kg1 Kf8 49. Ne5 Ke7 50. Kf1 g5 51. Ke2 Ke6 52. Nd3 Bd4 53. Nb4 g4 54. hxg4 hxg4 55. Nc6 Bc5 56. Na5 Nxa5 57. Bxa5 Kd5 58. Bc7 Bd4 59. f3 gxf3+ 60. gxf3 Kc5 61. Kd3 Bf6 62. b6 Kc6 63. Ke4 Be7 64. Kf5 Bh4 65. Kg4 Bf6 66. f4 Kb7 67. Kh5 Bg7 68. Kg5 Bd4 69. Kh6 Be3 70. Kg5 f6+ 71. Kf5 Bc1 72. Ke4 Kc6 73. f5 Bg5 74. Kf3 Bd2 75. Kg4 Bc3 76. Kh4 Bd4 77. Kh5 Kd7 78. Kg6 Kc8 79. Kf7 Kd7 1-0